Espai Natural de les Guilleries-Savassona : Exposició itinerant Exposició itinerant
Descripción Física:
1 tríptic ; il·lustracions color ; 10 x 21 cm
Materias:
Espai Natural de les Guilleries-Savassona (Catalunya) -- Exposicions
; Espai Natural de les Guilleries-Savassona (Catalunya) -- Activitats culturals
; Fulletons
Idioma:
Catalán
MARC
| LEADER | 00000nam a22000007a 4500 | ||
|---|---|---|---|
| 001 | 28469 | ||
| 003 | AGDB | ||
| 005 | 20260324181523.0 | ||
| 008 | 240405b spa||||| |||| 00| 0 cat d | ||
| 017 | |a B 6300-2023 | ||
| 040 | |a agdb |b cat | ||
| 110 | 1 | |a Barcelona (Catalunya : Província). |b Xarxa de Parcs Naturals |9 7250 | |
| 245 | |a Espai Natural de les Guilleries-Savassona : |b Exposició itinerant | ||
| 260 | |a Barcelona : |b Diputació de Barcelona ; |c 2023 | ||
| 300 | |a 1 tríptic ; |b il·lustracions color ; |c 10 x 21 cm | ||
| 610 | 0 | |a Espai Natural de les Guilleries-Savassona (Catalunya) |x Exposicions |9 70649 | |
| 610 | 2 | 0 | |a Espai Natural de les Guilleries-Savassona (Catalunya) |x Activitats culturals |9 52940 |
| 655 | 0 | |a Fulletons |9 55858 | |
| 710 | 1 | |a Espai Natural de les Guilleries-Savassona (Catalunya) |9 52664 | |
| 856 | 4 | 0 | |u https://llibreria.diba.cat/es/libro/espai-natural-de-les-guilleries-savassona_68132 |y Accés lliure (Llibreria de la Diputació de Barcelona) |
| 942 | |c ARXIU |n 1 | ||
| 952 | |0 0 |1 0 |4 0 |6 FU7716 |7 1 |9 96920 |a Arxiu |b Arxiu |d 2024-04-05 |l 0 |o FU-77-16 |p 28469 |r 2024-04-05 00:00:00 |w 2024-04-05 |y ARXIU | ||
| 999 | |c 128766 |d 128766 | ||